Vybrané ukazovatele zo sociálneho zabezpečenia v SR za 1. polrok 1998

Saved in:
Bibliographic Details
Format: Book
Language:Slovak
Published: Bratislava Štatistický úrad Slovenskej republiky 1998
Series:Demografia a sociálna štatistika
Tags: Add Tag
No Tags, Be the first to tag this record!

MARC

LEADER 00000nam a2200000 4500
001 c102643
005 20260129140931.2
041 0 |a slo 
044 |a SK 
245 1 0 |a Vybrané ukazovatele zo sociálneho zabezpečenia v SR za 1. polrok 1998 
264 1 |a Bratislava  |b Štatistický úrad Slovenskej republiky  |c 1998 
300 |a 13 s. 
490 1 |a Demografia a sociálna štatistika 
830 0 |a Demografia a sociálna štatistika